000 00556nam a22001937a 4500
003 KOHA_MİRAKIL
005 20250421140353.0
008 250421b tu ||||| |||| 00| 0 tur d
020 _a9789759958381
040 _aTR-AnABB
_btur
_cTR-AnABB
041 _atur
082 _a818.32
_bAHM 2017
100 _aAhmet Mithat Efendi,
_d1844-1912
245 1 0 _aSayyadane bir cevelan /
_cAhmet Mithat Efendi
260 _aİstanbul :
_bDergah Yayınları,
_c2017
300 _a118 sayfa ;
_c22 cm
650 0 4 _aTürk edebiyatı, roman
942 _2ddc
_cBK
999 _c8794
_d8794
900 _bGizem YORULMAZ